000 00867nam a22001935i 4500
001 165308
003 ES-MaACL
005 20250716062538.0
008 990726s1838 sp |||| | spa d
040 _aCCPB | B
_bspa
_cCCPB | B
100 1 _aShakespeare, William,
_d1564-1616
_9105992
245 1 0 _aMacbeth
_b: drama histórico en cinto actos /
_ccompuesto en inglés por William Shakespeare ; traducido libremente al castellano por José García de Villalta.
260 _aMadrid :
_b[s.n.],
_c1838 (
_fImprenta de José María Repullés)
300 _a100 p. ;
_c19 cm.
700 1 _aGarcía de Villalta, José.
_9127224
852 _aES-MaACL
_jF-8568(10)
_z-- Enc. pasta española, falto de la cub. original
_z-- Enc. en un vol. facticio, formando parte de la col. facticia: "Teatro español moderno", vol. 21
999 _c165308
_d165308